000 00658nam a2200205 a 4500
001 000028485
003 DO-SdBNP
005 20230523085955.0
008 110408s1991 dr ac 000 0 spa d
040 _aDO-SdBNP
_bspa
_cBNPHU
049 _aBNPD
082 4 _bD632o
100 1 _aDobal, Carlos
_d1926-
_938869
245 1 0 _aOdisea del ancla de colón /
_cCarlos Dobal.
260 _aSantiago de los Caballeros, República Dominicana :
_bDepartamento Editorial, Pontificia Universidad Católica Madre y Maestra,
_c1991.
300 _a46 p. :
_bil., retrs. ;
_c21 cm.
490 1 _aDocumentos
_v56
830 0 _aDocumentos ;
_v156
_91047
942 _2ddc
_cLBS1
999 _c27977
_d27977